000 01580cam a22002771 4500
001 l 39000050
003 DLC
005 20260227111536.0
008 821007s1939 dcua f000 0 eng
010 _al 39000050
035 _a(OCoLC)8840785
040 _aDLC
_cTxDW
_dTxDW
_dOCoLC
_dWU
_dDLC
043 _an-us---
050 0 0 _aHD6093
_b.A35 no. 170a
110 2 _aAmerican Association of University Women.
_bStatus of Women Committee.
245 1 0 _aEconomic status of university women in the U.S.A.
_cReport of the Committee on Economic and Legal Status of Women, American Association of University Women in cooperation with the Women's Bureau, United States Department of Labor, by Susan M. Kingsbury ...
260 _aWashington,
_bU.S. Govt. Print. Off.,
_c1939.
300 _avii, 70 p.
_billus. (map) tables, diagrams
_c23 cm.
490 1 _aBulletin of the U.S. Women's Bureau,
_vno. 170
500 _aAt head of title: United States Department of Labor. Frances Perkins, secretary. Women's Bureau. Mary Anderson, director.
500 _a"The schedules and tables were planned by the A.A.U.W. Committee ... and the Women's Bureau. The editing of the schedules and the tabulating of the basic data were done by the Women's Bureau. The report has been written by Susan M. Kingsbury, chairman of the Committee."--Letter of transmittal.
650 0 _aWomen
_xEmployment
_zUnited States.
650 0 _aWomen
_xEducation
_zUnited States.
700 1 _aKingsbury, Susan M.
_q(Susan Myra),
_d1870-1949.
810 1 _aUnited States.
_bWomen's Bureau.
_tBulletin ;
_vno. 170.
999 _c36291
_d36291